| 000 | 00731cab a2200229 4500 | ||
|---|---|---|---|
| 001 | ABS60677 | ||
| 008 | 090401t1999 xxu||||| |||| 00| 0 eng d | ||
| 035 | _a(Sirsi) u93366 | ||
| 041 | _aeng | ||
| 100 | _aElson, M. | ||
| 245 | _aGreen belts - the need for re-appraisal | ||
| 260 | _c1999 | ||
| 350 | _a0 | ||
| 490 |
_aTown & Country Planning _vMay 1999, 156-158(3) |
||
| 520 | _aArgues that green belt policies should be re-appraised to fit in with sustainable development principles. Examines how green belt is likely to change in the future. | ||
| 650 | _aGREEN BELTS | ||
| 650 | _aPLANNING POLICY | ||
| 650 | _aSUSTAINABLE DEVELOPMENT | ||
| 690 | _aPLANNING LAW AND PRACTICE | ||
| 942 | _n0 | ||
| 948 | _c18/05/1999 | ||
| 999 |
_c59173 _d59173 |
||